| 000 | 00855cam a2200241 a 4500 | ||
|---|---|---|---|
| 020 | _a9781403916419 | ||
| 020 | _a1403916411 | ||
| 020 | _a9781403916426 (pbk.) | ||
| 020 | _a140391642X (pbk.) | ||
| 050 | 0 | 0 |
_aPE1112 _b.L426 2006 |
| 100 | 1 | _aLeech, Geoffrey N. | |
| 245 | 1 | 0 |
_aEnglish grammar for today : _ba new introduction / _cGeoffrey Leech, Margaret Deuchar, Robert Hoogenraad. |
| 250 | _a2nd ed. | ||
| 260 |
_aBasingstoke [England] ; _aNew York : _bPalgrave Macmillan, _c2006. |
||
| 300 | _axvii, 236 p. : | ||
| 650 | 0 | _xGrammar. | |
| 700 | 1 | _aDeuchar, M. | |
| 700 | 1 | _aHoogenraad, Robert. | |
| 856 | 4 | 2 | _uhttp://www.loc.gov/catdir/enhancements/fy0625/2005050382-b.html |
| 856 | 4 | 2 | _uhttp://www.loc.gov/catdir/enhancements/fy0625/2005050382-d.html |
| 856 | 4 | 1 | _uhttp://www.loc.gov/catdir/enhancements/fy0625/2005050382-t.html |
| 942 | _cGEN | ||
| 999 |
_c2926 _d2926 |
||